Al pie de la letra 2 : Franco en lengua Franca.
Salvato in:
| Natura: | Sconosciuto |
|---|---|
| Lingua: | Spanish |
| Soggetti: | |
| Tags: |
Aggiungi Tag
Nessun Tag, puoi essere il primo ad aggiungerne!!
|
MARC
| LEADER | 000000000a22000000004500 | ||
|---|---|---|---|
| 001 | 002259 | ||
| 041 | 0 | |a spa | |
| 245 | 0 | 0 | |a Al pie de la letra 2 : |b Franco en lengua Franca. |
| 310 | |a bimestral | ||
| 650 | 4 | |a FRANCO, JOSE LUCIANO, (1891-1933) | |
| 650 | 4 | |a LA PRESENCIA NEGRA EN EL MUNDO NUEVO | |
| 650 | 4 | |a PI Y MARGALL Y CUBA | |
| 773 | 0 | |x 008-7157 |d Cuba : Editorial Casa de las Américas |t Casa de las Américas |g número 51-52 (1968-1969), página 273 | |
| 942 | |c ARC | ||
| 999 | |c 9809 |d 9809 | ||
